| 000 | 00907cam a2200217 a 4500 | ||
|---|---|---|---|
| 020 | _a0801828023 | ||
| 082 | 0 | 0 |
_a338.9595/1 _bPRO _cD |
| 100 | 1 |
_aBell, Clive, _937396 |
|
| 245 | 1 | 0 |
_aProject evaluation in regional perspective : _ba study of an irrigation project in northwest Malaysia / _cClive Bell, Peter Hazell, Roger Slade with contributions by Shantayanan Devarajan. |
| 260 |
_aBaltimore : _bPublished for the World Bank [by] the Johns Hopkins University Press, _cc1982. |
||
| 300 |
_ax, 326 p. : _bmaps ; _c25 cm. |
||
| 500 | _aIncludes index. | ||
| 526 |
_a0 _b0 _c0 _d338_959510000000000_PRO |
||
| 650 | 0 |
_aIrrigation _xEconomic aspects _zMalaysia. _937397 |
|
| 650 | 0 |
_aIrrigation _zMalaysia _xData processing. _937398 |
|
| 650 | 0 |
_aRice _xEconomic aspects _zMalaysia. _937399 |
|
| 700 | 1 |
_aHazell, P. B. R. _937400 |
|
| 700 | 1 |
_aSlade, Roger, _937401 |
|
| 710 | 2 |
_aWorld Bank. _94999 |
|
| 942 |
_2ddc _cBK |
||
| 999 |
_c542274 _d542274 |
||